| 000 | 00685nam a22001577a 4500 | ||
|---|---|---|---|
| 003 | OSt | ||
| 005 | 20151026155927.0 | ||
| 008 | 151026b xxu||||| |||| 00| 0 eng d | ||
| 040 | _cRUA | ||
| 082 | _aVMF HAM 2003 Or.1 | ||
| 100 |
_92932 _aHAM ROSA |
||
| 245 | _aEffect of water spinach supplement on growing broiler at muckampoul district, kandal province, (ឥទ្ធិពលនៃការបន្ថែមត្រកួនស្រស់លើការលូតលាស់មាន់សាច់ នៅស្រុកមុខកំពូល ខេត្តកណ្ដាល) | ||
| 260 |
_aPhnom Penh _bRua _c2003 |
||
| 300 |
_aviii; 37p. _bill. _c29cm. |
||
| 942 |
_2ddc _cVTF` |
||
| 999 |
_c2749 _d2749 |
||